| 000 | 01550nam a2200409 i 4500 | ||
|---|---|---|---|
| 001 | 197105 | ||
| 003 | ES-MaACL | ||
| 005 | 20250821063123.0 | ||
| 008 | 250509s2013 sp | |||| 000 0 spa | ||
| 015 | _aMON13 | ||
| 017 |
_aM 14038-2013 _bOficina Depósito Legal Madrid |
||
| 020 | _a9788424512781 | ||
| 035 | _a(OCoLC)864294563 | ||
| 035 | _a(SpMaBN)a5380269 | ||
| 040 |
_aSpMaBN _bspa _cSpMaBN _erdc |
||
| 080 | _a792 Alonso, José Luis | ||
| 100 | 1 |
_aQuirós Alpera, Gabriel _9240011 _eaut |
|
| 245 | 1 | 0 | _aJosé Luis Alonso, historia de la dirección escénica en España |
| 250 | _aPrimera edición 2013 | ||
| 260 |
_aMadrid : _bFundamentos, _c2013. |
||
| 300 |
_a222 páginas ; _c24 cm. |
||
| 336 |
_aTexto (visual) _2isbdcontent |
||
| 337 |
_asin mediación _2isbdmedia |
||
| 338 |
_2rdacarrier _avolumen |
||
| 490 | 1 |
_aColección arte ; _v197 |
|
| 500 | _aIncluye apéndice documental | ||
| 504 | _aBibliografía: páginas [175]-188 | ||
| 600 | 0 |
_aAlonso Mañes, José Luis, _d1924-1990 _9240012 |
|
| 610 | 0 | 4 |
_96922 _aTeatro María Guerrero (Madrid) |
| 650 | 4 |
_917356 _aTeatro español- _yS.XX |
|
| 852 |
_aES-MaACL _cDEPOJ _jN-10469 _gDedicatoria autógrafa de Gabriel Quirós Alpera _hDonación: Gabriel Quirós Alpera _xEncuadernación rústica _9206592 |
||
| 903 |
_9240011 _aQuirós Alpera, Gabriel _ednr |
||
| 942 |
_cMONOGRAFIA _n0 |
||
| 999 |
_c197105 _d197105 |
||